NUMERICAL ANALYSIS AND PROGRAMMING IN C (Record no. 10053)

MARC details
000 -LEADER
fixed length control field 00344nam a22001457a 4500
003 - CONTROL NUMBER IDENTIFIER
control field SGT
082 ## - DEWEY DECIMAL CLASSIFICATION NUMBER
Classification number 510 PUN
100 ## - MAIN ENTRY--PERSONAL NAME
Personal name PUNDIR, SUDHIR K
245 ## - TITLE STATEMENT
Title NUMERICAL ANALYSIS AND PROGRAMMING IN C
250 ## - EDITION STATEMENT
Edition statement 2ND
260 ## - PUBLICATION, DISTRIBUTION, ETC. (IMPRINT)
Place of publication, distribution, etc MEERUT
Name of publisher, distributor, etc PRAGATI PRAKASHAN
Year of Publication 2014
300 ## - PAGE DESCRIPTION
No. of Pages 700
650 ## - SUBJECT ADDED ENTRY--TOPICAL TERM
Topical term or geographic name as entry element MATHEMATICS, COMPUTER SCIENCE
942 ## - ADDED ENTRY ELEMENTS (KOHA)
Source of classification or shelving scheme Dewey Decimal Classification
Koha item type FPS Books
Holdings
Withdrawn status Lost status Source of classification or shelving scheme Damaged status Not for loan Collection code Home library Current library Shelving location Date acquired Vendor Name Cost, normal purchase price SGTU Bill Number Total Checkouts Full call number Accession No. (Barcode) Date last seen Date last borrowed Bill Date Koha item type Total Renewals
    Dewey Decimal Classification     SCIENCE SGT Science & Social Sciences Library SGT Science & Social Sciences Library Text Book 26/11/2016 PRAGATI PRAKASHAN 355.00 SGTU 7099 25 510 PUN PS2838 25/11/2019 23/11/2019 26/06/2016 FPS Books  
    Dewey Decimal Classification     SCIENCE SGT Science & Social Sciences Library SGT Science & Social Sciences Library Text Book 26/11/2016 PRAGATI PRAKASHAN 355.00 SGTU 7099 15 510 PUN PS2839 25/11/2019 14/11/2019 26/06/2016 FPS Books  
    Dewey Decimal Classification     SCIENCE SGT Science & Social Sciences Library SGT Science & Social Sciences Library Text Book 26/11/2016 PRAGATI PRAKASHAN 355.00 SGTU 7099 7 510 PUN PS2840 18/09/2019 12/09/2019 26/06/2016 FPS Books  
    Dewey Decimal Classification     SCIENCE SGT Science & Social Sciences Library SGT Science & Social Sciences Library Text Book 26/11/2016 PRAGATI PRAKASHAN 355.00 SGTU 7099 6 510 PUN PS2841 25/11/2019 16/11/2019 26/06/2016 FPS Books  
    Dewey Decimal Classification     SCIENCE SGT Science & Social Sciences Library SGT Science & Social Sciences Library Text Book 26/11/2016 PRAGATI PRAKASHAN 355.00 SGTU 7099 7 510 PUN PS2842 11/12/2018 04/12/2018 26/06/2016 FPS Books  
    Dewey Decimal Classification     SCIENCE SGT Science & Social Sciences Library SGT Science & Social Sciences Library Text Book 26/11/2016 PRAGATI PRAKASHAN 355.00 SGTU 7099 20 510 PUN PS2843 25/11/2019 13/11/2019 26/06/2016 FPS Books 1
    Dewey Decimal Classification     SCIENCE SGT Science & Social Sciences Library SGT Science & Social Sciences Library Text Book 26/11/2016 PRAGATI PRAKASHAN 355.00 SGTU 7099 5 510 PUN PS2844 25/11/2019 18/11/2019 26/06/2016 FPS Books